| 000 | 00748nam a2200205 a 4500 | ||
|---|---|---|---|
| 008 | 080328s1993 ||||||||||||||||| || u | ||
| 050 | _aIBRD(08)DP/224 | ||
| 100 | _aBrandon, Carter | ||
| 245 | 1 | 0 | _aTowards an environmental strategy for Asia |
| 260 |
_aWashington, D. C. _bWorld Bank _c1993 |
||
| 300 | _aix, 49p. :ill. | ||
| 350 | _a0.00 | ||
| 490 | _aWorld Bank Discussion Papers | ||
| 650 | _aENVIRONMENTAL POLICY--ASIA | ||
| 650 | _aENVIRONMENTAL PROTECTION--AFRICA, SOUTHERN--CONGRESSES | ||
| 650 | _aENVIRONMENT | ||
| 700 | _aRamankutty, Ramesh | ||
| 710 | _aWorld Bank | ||
| 995 |
_D0.00 _FCBU-MAIN LIBRARY (Kitwe) _H1 _I0.00 _M1 _UAVAILABLE _WMar 28, 2008 _ZInternational Publications |
||
| 999 |
_c60060 _d60060 |
||